kku e-library facility

Medical Microbiology & Immunology: Examination & Board Review (Record no. 172)

MARC details
000 -LEADER
fixed length control field 00504nam a2200145 4500
005 - DATE AND TIME OF LATEST TRANSACTION
control field 20260224125005.0
008 - FIXED-LENGTH DATA ELEMENTS--GENERAL INFORMATION
fixed length control field 260224b |||||||| |||| 00| 0 eng d
020 ## - INTERNATIONAL STANDARD BOOK NUMBER
International Standard Book Number 0838562507
100 ## - MAIN ENTRY--PERSONAL NAME
Personal name Levinson Warren & Jawetz Ernest
245 ## - TITLE STATEMENT
Title Medical Microbiology & Immunology: Examination & Board Review
Statement of responsibility, etc. /Warren & Ernest
250 ## - EDITION STATEMENT
Edition statement 4th ed
260 ## - PUBLICATION, DISTRIBUTION, ETC.
Place of publication, distribution, etc. United States of America;
Name of publisher, distributor, etc. Appleton & Lange International and Business Professional Group;
Date of publication, distribution, etc. 1996
300 ## - PHYSICAL DESCRIPTION
Extent ix, 523p. ill;
Dimensions 25cm
942 ## - ADDED ENTRY ELEMENTS (KOHA)
Source of classification or shelving scheme Library of Congress Classification
Suppress in OPAC No
Koha item type Books

No items available.

©2025 All rights reserved. KKU